Catàleg del Col·legi de Periodistes de Catalunya

El Relato público : (Registre núm. 8001)

000 -CABECERA
Longitud fija campo de control 01500cam a2200361 i 4500
001 - NÚMERO DE CONTROL
Número de control 991002750179706706
003 - IDENTIFICADOR DEL NÚMERO DE CONTROL
Identificador del número de control OSt
005 - FECHA Y HORA DE LA ÚLTIMA TRANSACCIÓN
Fecha y hora de la última transacción 20241218130925.0
008 - CÓDIGOS DE INFORMACIÓN DE LONGITUD FIJA
Códigos de información de longitud fija 210304s2020 spc|||| |||||0|| 0 spa|c
015 ## - NÚMERO DE BIBLIOGRAFÍA NACIONAL
Número de bibliografía nacional LL2021
Fuente bnc
017 ## - NÚMERO DE COPYRIGHT O DE DEPÓSITO LEGAL
Número de copyright o de depósito legal DL B 21082-2020
Agencia que asigna el número Biblioteca de Catalunya
020 ## - NÚMERO INTERNACIONAL NORMALIZADO PARA LIBROS
Número Internacional Normalizado para Libros (ISBN) 9788491686293
035 ## - NÚMERO DE CONTROL DEL SISTEMA
Número de control del sistema (ES-BaCBU).b75095245
035 ## - NÚMERO DE CONTROL DEL SISTEMA
Número de control del sistema (OCoLC)1251787608
040 ## - FUENTE DE LA CATALOGACIÓN
Centro catalogador de origen ES-BaUB
Lengua de catalogación cat
Normas de descripción rda
Centro transcriptor CDMR
080 ## - NÚMERO DE LA CLASIFICACIÓN DECIMAL UNIVERSAL
Número de la Clasificación Decimal Universal 316.77:32
Identificador de la edición 2004
080 ## - NÚMERO DE LA CLASIFICACIÓN DECIMAL UNIVERSAL
Número de la Clasificación Decimal Universal 808.51:32
Identificador de la edición 2004
245 03 - MENCIÓN DE TÍTULO
Título El Relato público :
Resto del título miradas transversales a la comunicación política /
Mención de responsabilidad, etc. Joan-Gabriel Burguera Serra, Meritxell Martínez Riera (eds.)
260 ## - PUBLICACIÓN, DISTRIBUCIÓN, ETC. (PIE DE IMPRENTA)
Lugar de publicación, distribución, etc. Barcelona :
Nombre del editor, distribuidor, etc. Edicions de la Universitat de Barcelona,
Fecha de publicación, distribución, etc. 2020
300 ## - DESCRIPCIÓN FÍSICA
Extensión 205 pàgines ;
Dimensiones 22 cm
490 1# - MENCIÓN DE SERIE
Mención de serie Periodismo activo ;
Designación de volumen o secuencia 18
500 ## - NOTA GENERAL
Nota general Treballs presentats a la trobada promoguda pel Grup d'Anàlisi Multidisciplinària del Discurs i la Comunicació Política (SGR2017-1452) de la Facultat de Filologia i Comunicació de la Universitat de Barcelona, sota el títol «Comunicación y/o política»
504 ## - NOTA DE BIBLIOGRAFÍA, ETC
Nota de bibliografía, etc. Inclou referències bibliogràfiques
650 #7 - PUNTO DE ACCESO ADICIONAL DE MATERIA - TÉRMINO DE MATERIA
Término de materia o nombre geográfico como elemento inicial Comunicació en la política
Fuente del encabezamiento o término lemac
650 #7 - PUNTO DE ACCESO ADICIONAL DE MATERIA - TÉRMINO DE MATERIA
Término de materia o nombre geográfico como elemento inicial Oratòria política
Fuente del encabezamiento o término lemac
700 1# - PUNTO DE ACCESO ADICIONAL - NOMBRE DE PERSONA
Nombre de persona Burguera Serra, Joan G.,
700 1# - PUNTO DE ACCESO ADICIONAL - NOMBRE DE PERSONA
Nombre de persona Martínez Riera, Meritxell,
830 #0 - PUNTO DE ACCESO ADICIONAL DE SERIE - TÍTULO UNIFORME
Título uniforme Periodismo activo ;
Designación de volumen o secuencia 18
907 ## - ELEMENTO G DATOS LOCALES, GDL (RLIN)
a .b75095245
b 21-06-21
c 04-03-21
d 04-03-21
e m
f a
g -
h spa
i spc
j 0
k 0
908 ## - CONTROL DE PARÁMETROS (RLIN)
Parametro de comando lanzado UB
-- BPC
-- UAB
-- BC
-- URV
-- ICIP
940 ## -
T&íacute;tulo uniforme <a href="UB">UB</a>
942 ## - ENTRADA DE ELEMENTOS AGREGADOS (KOHA)
Fuente de clasificaión o esquema
Koha [por defecto] tipo de item Monografies
Fons
Suprimido Perdido Estropeado No para pr&eacute;stamo Localizaci&oacute;n permanente Localizaci&oacute;n actual Fecha adquisici&oacute;n Fuente de adquisici&oacute;n Coste, precio normal de compra Signatura completa C&oacute;digo de barras Fecha &uacute;ltima consulta Fecha del precio de reemplazo Tipo de item de Koha
        Centre de Documentació Montserrat Roig Centre de Documentació Montserrat Roig 2024-12-18 Donació 16.00 Ck 1/33 CDMR22060008 2024-12-18 2024-12-18 Monografies

Implantat amb Koha